000 00401nam a2200181Ia 4500
005 20240823060152.0
008 240823s9999||||xx |||||||||||||| ||und||
041 _aTAMIL
082 _A920 Q8
100 _aValampuri John
245 0 _aBharathi - Netru Indru Naalai
250 _a2nd
260 _c2018
_bNeithal
500 _aYES
650 _aTamil
_bGeneral
942 _cBK
999 _c230495
_d230495